Real-life Economics Understanding Wealth Creation

Salvato in:
Dettagli Bibliografici
Altri autori: Ekins, Paul, Max-Neef, Manfred
Natura: Libro
Lingua:inglese
Pubblicazione: London Routledge 1992
Edizione:1. ed.
Soggetti:
Tags: Aggiungi Tag
Nessun Tag, puoi essere il primo ad aggiungerne!!

MARC

LEADER 00000nam a2200000 4500
001 c019359
005 20221206083532.3
020 |a 0-415-07976-4 
041 0 |a eng 
044 |a GB 
245 1 0 |a Real-life Economics  |b Understanding Wealth Creation  |c Edit. Paul Ekins, Manfred Max-Neef 
250 |a 1. ed. 
264 1 |a London  |b Routledge  |c 1992 
300 |a 460 s. 
610 2 0 |a ekonómia 
610 2 0 |a veda ekonomická 
610 2 0 |a spoločnosť 
610 2 0 |a etika 
610 2 0 |a ekológia 
610 2 0 |a vývoj hospodársky 
610 2 0 |a potreby obyvateľstva 
610 2 0 |a politika hospodárska 
700 1 |a Ekins, Paul 
700 1 |a Max-Neef, Manfred